| 000 | 00612nac a2200205 a 4500 | ||
|---|---|---|---|
| 003 | Co-PeBPM | ||
| 005 | 20240719142014.0 | ||
| 008 | 240719e1953 |||||||| |||| 00| 0 spa d | ||
| 040 |
_aCo-PeBPM _bspa _cCo-PeBPM _erda |
||
| 041 | _aspa | ||
| 082 | 0 | 4 | _a833 B347h |
| 100 | 1 | _aBaum, Vivki | |
| 245 | 1 | 0 |
_aHotel berlín _b, 1943 _c/ Vicki Baum ; traducción de Miguel de Hernani. |
| 250 | _aCuarta edición | ||
| 260 |
_aMéxico _aBuenos Aires _b: Editorial Hermes _c, 1953 |
||
| 300 |
_a356 páginas _c21 centímetros |
||
| 650 | 1 | 4 |
_2LEMB _aNovela austriaca |
| 700 | 1 | _aHernani, Miguel de, | |
| 942 |
_2ddc _cBK _n0 |
||
| 999 |
_c59364 _d59364 |
||